L'Arc de Triomphe à travers les âges par images - Statistiques

Statistiques générales
  • Ce quiz a été pris 3 733 fois
  • Le résultat moyen est 9 sur 15
Statistiques - réponses
Par images Hint Réponse % Correct
Journal satirique victime d'un attentat pour lequel l'Arc s'est illuminé (2015) Charlie Hebdo
92%
Illuminé suite à la victoire de cet évènement sportif (1998) Coupe du monde 1998
92%
Dégradé lors de cette série de manifestations (2018) Gilets jaunes
92%
Conflit commémoré par l'installation d'une sépulture (1920) Première Guerre mondiale
88%
Rebaptisation de la place de l'Étoile à la mort de ce président (1970) Place Charles-de-Gaulle
85%
Recouvert de noir pour les funérailles de cet homme de lettres (1885) Victor Hugo
83%
Bataille napoléonienne commémorée à l'origine (1805) Bataille d'Austerlitz
69%
L'ambassade de ce pays se situe en face de l'Arc côté Champs-Élysées (2007) Qatar
66%
Branche de l'Armée de l'air qui ouvre le défilé du 14 Juillet en survolant l'Arc depuis 70 ans (1953) Patrouille de France
55%
Construction achevée par ce roi, 20 ans après le projet initial de Napoléon (1836) Louis-Philippe Ier
53%
Veillée lors des funérailles de ce maréchal sous l'Arc (1929) Maréchal Foch
50%
Edifice qui relie les Champs-Élysées à l'avenue de la Grande-Armée en passant sous l'Arc (1970) Tunnel de l'Etoile
34%
"Empaqueté" par cet artiste (2021) Christo
23%
Impératrice autrichienne pour qui un Arc factice en bois a été installé pour son mariage (1810) Marie-Louise d’Autriche
20%
Arc de triomphe romain dont s'est inspiré Napoléon (81) Arc de Titus
16%
Aucun quiz correspondant
Distribution des résultats
% des personnes avec chaque résultat
Percentile par nombre de réponses
Votre historique - résultats
Vous n’avez pas pris ce quiz